Normal view MARC view
  • DeGroot, Morris H.,

Entry Personal Name

Number of records used in: 3

001 - CONTROL NUMBER

  • control field: 13582

003 - CONTROL NUMBER IDENTIFIER

  • control field: NUST

005 - DATE AND TIME OF LATEST TRANSACTION

  • control field: 20190130110333.0

008 - FIXED-LENGTH DATA ELEMENTS

  • fixed length control field: 190130|| aca||aabn | a|a d

040 ## - CATALOGING SOURCE

  • Original cataloging agency: NUST
  • Transcribing agency: NUST

100 ## - HEADING--PERSONAL NAME

  • Personal name: DeGroot, Morris H.,
  • Dates associated with a name: 1931-1989.

670 ## - SOURCE DATA FOUND

  • Source citation: Work cat.: (NUST)0: DeGroot, Morris H., 1931-1989., Probability and statistics /, c2012.
© 2023 Central Library, National University of Sciences and Technology. All Rights Reserved.